Mis cinco años de obispado obrero

Đã lưu trong:
Chi tiết về thư mục
Tác giả chính: ANCEL, ALFRED
Định dạng: Sách
Ngôn ngữ:Tiếng Tây Ban Nha
Được phát hành: Barcelona Estela 1963
Những chủ đề:
Các nhãn: Thêm thẻ
Không có thẻ, Là người đầu tiên thẻ bản ghi này!

MARC

LEADER 00000nam a2200000 a 4500
001 UCR2189
003 CL-VaPUC
008 980109e19630000SP |||||||||||||||||spa|d
082 0 4 |a 262.12  |b ANC  |2 21 
100 |a ANCEL, ALFRED  |9 482873 
245 1 0 |a Mis cinco años de obispado obrero 
300 |a 478 p 
942 |c BK 
945 |d 19980109 00:00:00  |a rleighto 
260 |a Barcelona  |b Estela  |c 1963 
650 7 |a OBISPOS  |2 CL-VaPUC  |9 399970 
650 0 |a Iglesia   |9 255004 
650 0 |a Apostolado  |9 398055 
650 0 |a Sociología   |9 255410 
650 0 |a Catolicismo  |9 258690 
650 7 |a OBREROS  |2 CL-VaPUC  |9 358117 
583 |a last modification  |c 19980109 00:00:00  |k Rodrigo Vera 
999 |c 265449  |d 265447 
952 |0 0  |1 0  |4 0  |6 262_120000000000000_ANC_1963  |7 0  |8 A  |9 296370  |a BIBTEO  |b BIBTEO  |d 2019-11-20  |i 3384543  |o 262.12 ANC 1963  |p 3384543  |r 2025-01-17  |w 2019-11-20  |y BK  |k ICR